Things fall apart
Tallennettuna:
| Päätekijä: | |
|---|---|
| Aineistotyyppi: | Kirja |
| Kieli: | English |
| Julkaistu: |
London
David Campbell publishers
1992
|
| Sarja: | Everyman's library
|
| Aiheet: | |
| Tagit: |
Lisää tagi
Ei tageja, Lisää ensimmäinen tagi!
|
| Thư viện lưu trữ: | Trung tâm Học liệu Lê Vũ Hùng, Trường Đại học Đồng Tháp |
|---|
| LEADER | 00773pam a22002538a 4500 | ||
|---|---|---|---|
| 001 | 00025332 | ||
| 005 | 20171026081022.0 | ||
| 008 | 110803s1992 ||||||engsd | ||
| 041 | 0 | # | |a eng |
| 082 | 1 | 4 | |a 823 |b TH300N |
| 100 | 1 | # | |a Achebe, Chinua |
| 245 | 1 | 0 | |a Things fall apart |c Chinua Achebe |
| 260 | # | # | |a London |b David Campbell publishers |c 1992 |
| 300 | # | # | |a XXI,181 p. |c 21 cm. |
| 490 | # | # | |a Everyman's library |
| 504 | # | # | |a Includes bibliographical references (p. XVIII - XIX) |
| 650 | # | 4 | |a Anh |
| 650 | # | 4 | |a Nigeria |
| 650 | # | 4 | |a Tiểu thuyết |
| 650 | # | 4 | |a Văn học hiện đại |
| 852 | # | # | |b Kho đọc |j KD.0008440 |
| 852 | # | # | |j KD.0008440 |
| 910 | |d 03/08/2011 | ||
| 980 | # | # | |a Trung tâm Học liệu Lê Vũ Hùng, Trường Đại học Đồng Tháp |